[Event "Frankfurt-ch"]
[Site "Frankfurt"]
[Date "2006.05.08"]
[Round "3"]
[White "Kiesewetter, Ralf"]
[Black "Hupprich, Thorsten"]
[Result "0-1"]
[WhiteElo "1877"]
[BlackElo "2003"]
[PlyCount "67"]
[EventDate "2006.04.24"]
[EventType "swiss"]
[EventRounds "7"]
[EventCountry "GER"]
[SourceTitle "EXT 2007"]
[Source "ChessBase"]
[SourceDate "2006.11.23"]
[SourceVersion "1"]
[SourceVersionDate "2006.11.23"]
[SourceQuality "1"]

1. d4 Nf6 2. Nf3 g6 3. c4 Bg7 4. Nc3 0-0 5. Bg5 h6 6. Bh4 d6 7. e4 c5 8. dxc5 dxc5 9. Qxd8 Rxd8 10. e5 Ng4 11. Nd5 Nc6 12. Nxe7+ Nxe7 13. Bxe7 Re8 14. Bxc5 Nxe5 15. Nxe5 Bxe5 16. 0-0-0 Bf5 17. Be3 Rac8 18. b3 b5 19. c5 a6 20. Bd3 Be6 21. Be4 a5 22. Bd5 Bf5 23. h3 h5 24. Rhe1 Bc3 25. Bb7 Rc7 26. Bf4 Rxe1 27. Bxc7 Re2 28. Rd8+ Kg7 29. Bg3 Rxa2 30. Kd1 Bc2+ 31. Kc1 Bxb3 32. Be4 Re2 33. Bf3 Rc2+ 34. Kb1 0-1